Statistics for Bowling Terms

Click here to take the quiz!

General Stats

  • This quiz has been taken 297 times
  • The average score is 9 of 20

Answer Stats

HintAnswer% Correct
To touch or go beyond the line in delivering the ballFoul
93%
All pins knocked down after rolling the second ballSpare
79%
All pins knocked down on the first ballstrike
69%
A ball that drops into either gutter, without striking the pinsGutter ball
68%
Three strikes in a rowturkey
66%
When a person rolls strikes for all 10 frames, equaling a score of 300perfect game
63%
When after the first ball has been rolled, the number one pin has gone down, but there is still a gap between pins on opposite sides of the laneSplit
58%
Obtaining a strike or a spareMark
52%
A frame in which at least one pin remains standing after rolling both balls in the frameOpen frame
50%
The first or number one pinHead pin
48%
A bowling alleylane
47%
A hidden pinSleeper
37%
A ball that breaks to the left for a right-handed bowlerHook
35%
Space between the head pin and pins on either sidePocket
32%
The box in which scores are registeredFrame
31%
Four strikes in a rowAlbatross
29%
A place on the alley at which a bowler aimsspot
25%
Synonym for bowler, derived from a German wordKegler
8%
Obtaining three strikes in the last framestriking out
7%
Hitting the number one pin full in the face or head-onHigh hit
2%

Score Distribution

Percentile by Number Answered

Percent of People with Each Score

Your Score History

You have not taken this quiz